[Event "CRO-chT2 West"]
[Site "Rijeka"]
[Date "2020.10.11"]
[Round "5.1"]
[White "Crepan, Marjan"]
[Black "Monjac, Mislav"]
[Result "1/2-1/2"]
[WhiteElo "2273"]
[BlackElo "2161"]
[PlyCount "32"]
[EventDate "2020.09.12"]
[EventType "team-tourn"]
[EventRounds "9"]
[EventCountry "CRO"]
[SourceTitle "EXT 2022"]
[Source "ChessBase"]
[SourceDate "2021.10.06"]
[SourceVersion "1"]
[SourceVersionDate "2021.10.06"]
[SourceQuality "1"]
[WhiteTeam "Senj Velebit"]
[BlackTeam "Krk"]
[WhiteTeamCountry "CRO"]
[BlackTeamCountry "CRO"]

1. e4 c5 2. Nf3 d6 3. d4 cxd4 4. Nxd4 Nf6 5. Nc3 Nc6 6. Be2 g6 7. Be3 Bg7 8. 0-0 0-0 9. f4 Qb6 10. Qd3 Qxb2 11. Rab1 Qa3 12. Nxc6 bxc6 13. Nd5 Qxd3 14. Nxe7+ Kh8 15. cxd3 Bd7 16. Rfc1 c5 1/2-1/2

[Event "CRO-chT U20 25th"]
[Site "Sv Filip i Jakov"]
[Date "2016.03.26"]
[Round "9.1"]
[White "Monjac, Mislav"]
[Black "Markovic, Franjo Josip"]
[Result "1/2-1/2"]
[WhiteElo "2219"]
[BlackElo "1900"]
[PlyCount "38"]
[EventDate "2016.03.21"]
[EventType "team-tourn"]
[EventRounds "9"]
[EventCountry "CRO"]
[SourceTitle "CBM 171 Extra"]
[Source "ChessBase"]
[SourceDate "2016.04.26"]
[SourceVersion "1"]
[SourceVersionDate "2016.04.26"]
[SourceQuality "1"]

1. e4 e5 2. Nf3 Nf6 3. Nc3 Nc6 4. Bc4 Nxe4 5. 0-0 Nxc3 6. dxc3 Be7 7. Qd5 0-0 8. Nxe5 Nxe5 9. Qxe5 Bf6 10. Qg3 d5 11. Bd3 c6 12. Bf4 Be6 13. Be5 g6 14. Bxf6 Qxf6 15. Rae1 Rfe8 16. Re5 Bd7 17. Rfe1 Rxe5 18. Qxe5 Qxe5 19. Rxe5 Kf8 1/2-1/2

[Event "CRO-chT U20 25th"]
[Site "Sv Filip i Jakov"]
[Date "2016.03.21"]
[Round "2.2"]
[White "Vucic, Mihovil"]
[Black "Monjac, Mislav"]
[Result "0-1"]
[WhiteElo "2117"]
[BlackElo "2219"]
[PlyCount "64"]
[EventDate "2016.03.21"]
[EventType "team-tourn"]
[EventRounds "9"]
[EventCountry "CRO"]
[SourceTitle "CBM 171 Extra"]
[Source "ChessBase"]
[SourceDate "2016.04.26"]
[SourceVersion "1"]
[SourceVersionDate "2016.04.26"]
[SourceQuality "1"]

1. e4 c5 2. Nf3 d6 3. c3 Nf6 4. h3 Nc6 5. Bd3 d5 6. e5 Nd7 7. Bb5 Qb6 8. Na3 a6 9. Ba4 c4 10. b3 Nc5 11. Bxc6+ bxc6 12. d4 Nd3+ 13. Ke2 Nxc1+ 14. Qxc1 cxb3 15. Rb1 a5 16. Rxb3 Qc7 17. Qb2 Ba6+ 18. Kd1 e6 19. Kc2 a4 20. Rb4 Bxb4 21. Qxb4 Qe7 22. Nb1 Bc4 23. a3 c5 24. dxc5 0-0 25. c6 Qa7 26. Nd4 Rab8 27. Qd6 Qb6 28. Qb4 Qd8 29. Qd6 Qg5 30. Nd2 Qg6+ 31. Kd1 Qd3 32. Ke1 Rb2 0-1

[Event "CRO-chT2W"]
[Site "Croatia"]
[Date "2016.03.06"]
[Round "2.3"]
[White "Begonja, Veljko"]
[Black "Monjac, Mislav"]
[Result "1/2-1/2"]
[WhiteElo "2145"]
[BlackElo "2225"]
[PlyCount "29"]
[EventDate "2016.03.05"]
[EventType "team-tourn"]
[EventRounds "9"]
[EventCountry "CRO"]
[SourceTitle "CBM 171 Extra"]
[Source "ChessBase"]
[SourceDate "2016.04.26"]
[SourceVersion "1"]
[SourceVersionDate "2016.04.26"]
[SourceQuality "1"]
[WhiteTeam "Rijeka Junior"]
[BlackTeam "Krk"]
[WhiteTeamCountry "CRO"]
[BlackTeamCountry "CRO"]

1. d4 Nf6 2. Nf3 e6 3. e3 b6 4. Bd3 Bb7 5. Nbd2 c5 6. 0-0 d6 7. b3 Nbd7 8. Bb2 Qc7 9. c4 Rc8 10. Rc1 Be7 11. Qe2 0-0 12. Rfd1 Rfe8 13. h3 Qb8 14. Ne1 Bf8 15. Nf1 1/2-1/2

[Event "Trieste op 17th"]
[Site "Trieste"]
[Date "2015.09.02"]
[Round "6"]
[White "Moroni, Luca Jr"]
[Black "Monjac, Mislav"]
[Result "1/2-1/2"]
[WhiteElo "2461"]
[BlackElo "2222"]
[PlyCount "139"]
[EventDate "2015.08.29"]
[EventType "swiss"]
[EventRounds "9"]
[EventCountry "ITA"]
[SourceTitle "EXT 2016"]
[Source "ChessBase"]
[SourceDate "2015.10.08"]
[SourceVersion "1"]
[SourceVersionDate "2015.10.08"]
[SourceQuality "1"]

1. b3 d5 2. Bb2 Bg4 3. h3 Bh5 4. Nf3 Bxf3 5. gxf3 Nf6 6. e3 Nbd7 7. f4 e6 8. Bg2 Bd6 9. Qe2 Qe7 10. Nc3 c6 11. 0-0-0 Ba3 12. d3 0-0-0 13. Rhg1 g6 14. Nb1 Bxb2+ 15. Kxb2 d4 16. c3 dxc3+ 17. Nxc3 Nd5 18. Rc1 Nxc3 19. Rxc3 Nb6 20. d4 Qb4 21. Rc2 Kb8 22. Rgc1 Rd7 23. a3 Qe7 24. Qd2 Rc8 25. a4 Rdc7 26. a5 Nd5 27. Rc5 b6 28. R5c4 c5 29. a6 cxd4 30. Qxd4 Qf6 31. Qxf6 Nxf6 32. Bc6 Ng8 33. Bb7 Rxc4 34. bxc4 Rc5 35. Rd1 Kc7 36. Kb3 Nf6 37. Kb4 Ne8 38. Rd4 Nd6 39. Bf3 Ra5 40. Rd2 Rxa6 41. c5 bxc5+ 42. Kxc5 Ra5+ 43. Kd4 Ra4+ 44. Kd3 Ra3+ 45. Kd4 Kd7 46. Rc2 Ke7 47. Rc7+ Kf6 48. Bc6 Nf5+ 49. Kc4 Ne7 50. Be8 Rc3+ 51. Kxc3 Nd5+ 52. Kd4 Nxc7 53. Bc6 h5 54. e4 h4 55. Kc5 Ke7 56. Bb7 Ne8 57. Bc6 Nf6 58. Kd4 a5 59. Ba4 Nh5 60. Ke3 f5 61. e5 Kd8 62. Bb3 Ng7 63. Kd4 Kc7 64. Ba4 Nh5 65. Ke3 Kd8 66. Bb3 Kd7 67. Ba4+ Ke7 68. Bb5 Kd8 69. Ba4 Kc7 70. Bb5 1/2-1/2

[Event "CRO-ch U19"]
[Site "Krapinske Toplice"]
[Date "2015.07.26"]
[Round "3"]
[White "Monjac, Mislav"]
[Black "Ivekovic, Bozidar1"]
[Result "1/2-1/2"]
[WhiteElo "2217"]
[BlackElo "2374"]
[PlyCount "36"]
[EventDate "2015.07.25"]
[EventType "swiss"]
[EventRounds "9"]
[EventCountry "CRO"]
[SourceTitle "CBM 167 Extra"]
[Source "ChessBase"]
[SourceDate "2015.09.14"]
[SourceVersion "1"]
[SourceVersionDate "2015.09.14"]
[SourceQuality "1"]

1. e4 c5 2. Nf3 e6 3. d3 Nc6 4. g3 d5 5. Qe2 Nf6 6. Bg2 Be7 7. 0-0 0-0 8. Re1 b6 9. e5 Nd7 10. c4 d4 11. h4 Bb7 12. Bf4 h6 13. h5 Qc7 14. Nbd2 Nb4 15. Nf1 Rad8 16. N1h2 Qb8 17. a3 Nc6 18. Ng4 Qa8 1/2-1/2

[Event "Rijeka Paris Memorial 36th"]
[Site "Rijeka"]
[Date "2015.07.08"]
[Round "7"]
[White "Loncar, Robert"]
[Black "Monjac, Mislav"]
[Result "1-0"]
[WhiteElo "2355"]
[BlackElo "2217"]
[PlyCount "67"]
[EventDate "2015.07.03"]
[EventType "swiss"]
[EventRounds "9"]
[EventCountry "CRO"]
[SourceTitle "CBM 167 Extra"]
[Source "ChessBase"]
[SourceDate "2015.09.14"]
[SourceVersion "1"]
[SourceVersionDate "2015.09.14"]
[SourceQuality "1"]

1. d4 Nf6 2. Nf3 e6 3. c4 c5 4. d5 d6 5. Nc3 exd5 6. cxd5 g6 7. h3 Bg7 8. e4 0-0 9. Bd3 Na6 10. 0-0 Nc7 11. Re1 Rb8 12. a4 h6 13. Bf4 Nfe8 14. Qd2 Kh7 15. Rad1 f5 16. e5 dxe5 17. Nxe5 Nd6 18. Nc4 Nxc4 19. Bxc4 Bd7 20. d6 Ne8 21. Re7 g5 22. Bxg5 hxg5 23. Qxg5 Rf6 24. Qh5+ Rh6 25. Qf7 Rg6 26. Rxd7 Qg5 27. Qg8+ Kh6 28. Bf1 Nf6 29. Qxb8 Nxd7 30. Qxb7 Be5 31. Ne2 Rg7 32. b3 Qh5 33. Qa8 Kh7 34. Rd3 1-0

[Event "CRO-CupT final"]
[Site "Sibenik"]
[Date "2015.05.23"]
[Round "5.6"]
[White "Goric, Esad"]
[Black "Monjac, Mislav"]
[Result "1/2-1/2"]
[WhiteElo "2299"]
[BlackElo "2204"]
[PlyCount "74"]
[EventDate "2015.05.20"]
[EventType "team-swiss"]
[EventRounds "6"]
[EventCountry "CRO"]
[SourceTitle "CBM 166 Extra"]
[Source "ChessBase"]
[SourceDate "2015.06.18"]
[SourceVersion "1"]
[SourceVersionDate "2015.06.18"]
[SourceQuality "1"]
[WhiteTeam "Vinkovci"]
[BlackTeam "Krk"]
[WhiteTeamCountry "CRO"]
[BlackTeamCountry "CRO"]

1. Nf3 Nf6 2. b3 c5 3. Bb2 b6 4. e3 Bb7 5. Be2 e6 6. 0-0 Be7 7. d4 0-0 8. c4 cxd4 9. Nxd4 a6 10. Nc3 d6 11. Rc1 Nbd7 12. Rc2 Qc7 13. Rd2 Rfd8 14. Qa1 Rac8 15. Bf3 Bxf3 16. Nxf3 Qb7 17. Nd4 Nc5 18. Rfd1 Nfe4 19. Nxe4 Nxe4 20. Rc2 d5 21. cxd5 Rxc2 22. Nxc2 Rxd5 23. Ne1 Qd7 24. Rxd5 Qxd5 25. Qc1 Qc5 26. Qxc5 Nxc5 27. Ba3 Kf8 28. Bxc5 Bxc5 29. Kf1 Ke7 30. Ke2 Bd6 31. h3 Kd7 32. Kd3 Kc6 33. Nc2 Bc5 34. f3 b5 35. g4 Kd5 36. Ne1 Bd6 37. Nc2 Bc5 1/2-1/2

[Event "CRO-chT2 West"]
[Site "Croatia"]
[Date "2015.03.22"]
[Round "5.3"]
[White "Monjac, Mislav"]
[Black "Hajdo, Dalia"]
[Result "1-0"]
[WhiteElo "2185"]
[BlackElo "1899"]
[PlyCount "77"]
[EventDate "2015.02.21"]
[EventType "team-tourn"]
[EventRounds "9"]
[EventCountry "CRO"]
[SourceTitle "EXT 2016"]
[Source "ChessBase"]
[SourceDate "2015.10.08"]
[SourceVersion "1"]
[SourceVersionDate "2015.10.08"]
[SourceQuality "1"]
[WhiteTeam "Krk"]
[BlackTeam "Rijeka Rijeka II"]
[WhiteTeamCountry "CRO"]
[BlackTeamCountry "CRO"]

1. e4 e6 2. d3 d5 3. Qe2 dxe4 4. dxe4 e5 5. Nf3 Nc6 6. c3 Nf6 7. Qc2 a5 8. Bb5 Bd7 9. 0-0 Bc5 10. Bg5 Qe7 11. Nbd2 0-0 12. Nc4 Rfe8 13. Rad1 Rad8 14. Rd5 Qf8 15. Bxf6 gxf6 16. Nxa5 Nxa5 17. Rxd7 Rxd7 18. Bxd7 Rd8 19. Bb5 Nc6 20. Bxc6 bxc6 21. Rd1 Bd6 22. Nh4 Qh6 23. Nf5 Qf4 24. Qe2 Kh8 25. g3 Qg5 26. Qc4 Qh5 27. Rd2 Qg5 28. Qxf7 Rf8 29. Qd7 c5 30. Nxd6 cxd6 31. Qxd6 Ra8 32. Qd5 Rc8 33. Rd1 Qg4 34. Qd7 Qg8 35. Qe7 Qg6 36. Rd6 Qxe4 37. Qxf6+ Kg8 38. Qe6+ Kg7 39. Qd7+ 1-0

[Event "Bosnjaci op 20th"]
[Site "Bosnjaci"]
[Date "2015.01.07"]
[Round "7"]
[White "Monjac, Mislav"]
[Black "Burovic, Ismet"]
[Result "0-1"]
[WhiteElo "2162"]
[BlackElo "2398"]
[PlyCount "100"]
[EventDate "2015.01.03"]
[EventType "swiss"]
[EventRounds "9"]
[EventCountry "CRO"]
[SourceTitle "CBM 164 Extra"]
[Source "ChessBase"]
[SourceDate "2015.03.02"]
[SourceVersion "1"]
[SourceVersionDate "2015.03.02"]
[SourceQuality "1"]

1. e4 c6 2. d4 d5 3. exd5 cxd5 4. c4 Nf6 5. Nc3 g6 6. cxd5 Bg7 7. Bb5+ Nbd7 8. d6 0-0 9. dxe7 Qxe7+ 10. Nge2 a6 11. Bd3 b5 12. 0-0 b4 13. Na4 Bb7 14. b3 Nd5 15. Bc4 Rfe8 16. Nf4 Nxf4 17. Bxf4 Qe4 18. Qg4 Nf6 19. Qf3 Qxf3 20. gxf3 Bxf3 21. Rae1 Nh5 22. Be5 Bxe5 23. Rxe5 Rxe5 24. dxe5 Nf4 25. Ra1 a5 26. Nc5 Rd8 27. Kf1 Rd2 28. Ke1 Rd4 29. Kf1 Kf8 30. Ke1 Ke7 31. Rc1 g5 32. Ra1 h5 33. Rc1 Rd8 34. Ra1 h4 35. Rb1 Rd4 36. Rc1 Rd8 37. Ra1 Rc8 38. Na4 Ng6 39. a3 Nxe5 40. Nb2 Ra8 41. Bf1 Bd5 42. axb4 axb4 43. Rxa8 Bxa8 44. Kd1 Kd6 45. Nc4+ Nxc4 46. bxc4 Kc5 47. Kc2 Bc6 48. Kb3 Bd7 49. Be2 g4 50. Bf1 Be6 0-1

[Event "Mediterranean op 7th"]
[Site "Rijeka"]
[Date "2014.11.14"]
[Round "8"]
[White "Monjac, Mislav"]
[Black "Hrescak, Ivana"]
[Result "1-0"]
[WhiteElo "2139"]
[BlackElo "2020"]
[PlyCount "55"]
[EventDate "2014.11.08"]
[EventType "swiss"]
[EventRounds "9"]
[EventCountry "CRO"]
[SourceTitle "CBM 163 Extra"]
[Source "ChessBase"]
[SourceDate "2014.12.23"]
[SourceVersion "1"]
[SourceVersionDate "2014.12.23"]
[SourceQuality "1"]

1. e4 c5 2. Nf3 d6 3. Bc4 Nc6 4. c3 Nf6 5. d3 e6 6. Bb3 Be7 7. 0-0 0-0 8. Re1 Qc7 9. Nbd2 Rd8 10. d4 d5 11. e5 Nd7 12. Nf1 b6 13. Bf4 Nf8 14. Bg3 Qb7 15. Ne3 c4 16. Bc2 b5 17. h4 f5 18. exf6 Bxf6 19. Ng4 Be7 20. h5 Bd6 21. Nfe5 Nxe5 22. Nxe5 a5 23. Qg4 Be7 24. Re3 Nd7 25. Qxe6+ Kh8 26. Nf7+ Kg8 27. Nh6+ Kh8 28. Qg8+ 1-0

[Event "Mediterranean op 7th"]
[Site "Rijeka"]
[Date "2014.11.10"]
[Round "4"]
[White "Takac, Zvonko"]
[Black "Monjac, Mislav"]
[Result "1/2-1/2"]
[WhiteElo "2003"]
[BlackElo "2139"]
[PlyCount "39"]
[EventDate "2014.11.08"]
[EventType "swiss"]
[EventRounds "9"]
[EventCountry "CRO"]
[SourceTitle "CBM 163 Extra"]
[Source "ChessBase"]
[SourceDate "2014.12.23"]
[SourceVersion "1"]
[SourceVersionDate "2014.12.23"]
[SourceQuality "1"]

1. d4 Nf6 2. c4 e6 3. Nf3 c5 4. e3 d5 5. Nc3 a6 6. cxd5 exd5 7. dxc5 Bxc5 8. Bd3 Nc6 9. 0-0 0-0 10. a3 Bg4 11. h3 Be6 12. Ne2 Rc8 13. b4 Ba7 14. Bb2 Bb8 15. Ned4 Nd7 16. Rc1 Nde5 17. Nxc6 Nxc6 18. Qe2 Re8 19. Rfd1 Qe7 20. Bb1 1/2-1/2

[Event "EU-ch U18 24th"]
[Site "Batumi"]
[Date "2014.10.24"]
[Round "6"]
[White "Soysal, Serkan"]
[Black "Monjac, Mislav"]
[Result "1/2-1/2"]
[WhiteElo "2245"]
[BlackElo "2139"]
[PlyCount "81"]
[EventDate "2014.10.19"]
[EventType "swiss"]
[EventRounds "9"]
[EventCountry "GEO"]
[SourceTitle "EXT 2015"]
[Source "ChessBase"]
[SourceDate "2014.11.20"]
[SourceVersion "1"]
[SourceVersionDate "2014.11.20"]
[SourceQuality "1"]

1. Nf3 Nf6 2. d4 e6 3. c4 c5 4. d5 d6 5. Nc3 exd5 6. cxd5 g6 7. Nd2 Nbd7 8. g3 Bg7 9. Bg2 0-0 10. 0-0 a6 11. Nc4 Nb6 12. Ne3 Bd7 13. a4 Rb8 14. a5 Nc8 15. Nc4 Bb5 16. Qb3 Bxc4 17. Qxc4 b5 18. axb6 Nxb6 19. Qd3 Qc8 20. Bf4 Rd8 21. Rfb1 c4 22. Qd2 Ne8 23. Bg5 f6 24. Be3 Nd7 25. Ra4 Nb6 26. Ra5 Nc7 27. Na2 Nb5 28. Nc3 Nc7 29. Bd4 Nd7 30. Rba1 Nb5 31. Be3 Nc5 32. Bxc5 Qxc5 33. Rxa6 f5 34. Na4 Qd4 35. Qxd4 Nxd4 36. Bf1 Rb4 37. Kg2 Nb5 38. Ra2 Nc7 39. Ra5 Ra8 40. Rxa8+ Nxa8 41. b3 1/2-1/2

[Event "EU-ch U18 24th"]
[Site "Batumi"]
[Date "2014.10.22"]
[Round "4"]
[White "Nielsen, Hogni Egilstoft"]
[Black "Monjac, Mislav"]
[Result "1/2-1/2"]
[WhiteElo "2273"]
[BlackElo "2139"]
[PlyCount "81"]
[EventDate "2014.10.19"]
[EventType "swiss"]
[EventRounds "9"]
[EventCountry "GEO"]
[SourceTitle "EXT 2015"]
[Source "ChessBase"]
[SourceDate "2014.11.20"]
[SourceVersion "1"]
[SourceVersionDate "2014.11.20"]
[SourceQuality "1"]

1. e4 c5 2. Nf3 d6 3. Bb5+ Bd7 4. Bxd7+ Qxd7 5. c4 Nf6 6. Nc3 g6 7. d4 cxd4 8. Nxd4 Bg7 9. f3 0-0 10. Be3 Rc8 11. b3 a6 12. a4 Nc6 13. Qd2 Qd8 14. 0-0 Nd7 15. Rfd1 Na5 16. Rab1 Nc5 17. Qc2 Qe8 18. Nd5 Nd7 19. Qd2 Nc6 20. Nc2 Nce5 21. Bg5 Nc6 22. Ncb4 Bf8 23. Qf2 e6 24. Nxc6 exd5 25. Nb4 dxc4 26. bxc4 Qe5 27. Be3 Rxc4 28. Nd5 Rac8 29. Bd4 Qg5 30. h4 Qh6 31. Rxb7 Rc1 32. Rxc1 Qxc1+ 33. Kh2 Ne5 34. Qg3 Qc6 35. Rb6 Qxa4 36. Bxe5 dxe5 37. Qxe5 Bg7 38. Qg5 Rf8 39. h5 h6 40. Qg3 g5 41. Nf6+ 1/2-1/2

[Event "CRO-ch U19"]
[Site "Sveti Martin "]
[Date "2014.07.31"]
[Round "8"]
[White "Monjac, Mislav"]
[Black "Rajter, Emil"]
[Result "1-0"]
[WhiteElo "2159"]
[BlackElo "1846"]
[PlyCount "37"]
[EventDate "2014.07.26"]
[EventType "swiss"]
[EventRounds "9"]
[EventCountry "CRO"]
[SourceTitle "EXT 2015"]
[Source "ChessBase"]
[SourceDate "2014.11.20"]
[SourceVersion "1"]
[SourceVersionDate "2014.11.20"]
[SourceQuality "1"]

1. e4 e5 2. d4 exd4 3. Qxd4 Nc6 4. Qe3 Nf6 5. Nc3 Bb4 6. Bd2 0-0 7. 0-0-0 Re8 8. Qg3 Bd6 9. f4 Nxe4 10. Nxe4 Rxe4 11. Bd3 Re8 12. Nf3 Be7 13. Rhe1 Bf6 14. Ng5 Bxg5 15. Qxg5 Rxe1 16. Rxe1 Qf8 17. Bc3 f6 18. Qh5 g6 19. Bxg6 1-0